Электроимпульсный пробой и разрушение гранита; Письма в Журнал технической физики; Т. 80, вып. 6
| Parent link: | Письма в Журнал технической физики.— , 1975- Т. 80, вып. 6.— 2010.— [С. 79-84] |
|---|---|
| Altres autors: | , , , , |
| Sumari: | Заглавие с экрана Проведены исследования разрушения гранита электроимпульсным способом для двухэлектродной системы в диапазоне изменения расстояний между электродами 10-300 mm и энерговклада на единицу длины межэлектродного промежутка 3.6-100 J/mm. Получены эмпирические зависимости для пробивного напряжения, глубины разрушения, производительности разрушения, удельных энергозатрат в функции расстояния между электродами |
| Idioma: | rus |
| Publicat: |
2010
|
| Matèries: | |
| Accés en línia: | http://journals.ioffe.ru/jtf/2010/06/page-79.html.ru |
| Format: | MixedMaterials Electrònic Capítol de llibre |
| KOHA link: | https://koha.lib.tpu.ru/cgi-bin/koha/opac-detail.pl?biblionumber=637055 |
MARC
| LEADER | 00000naa0a2200000 4500 | ||
|---|---|---|---|
| 001 | 637055 | ||
| 005 | 20250411090101.0 | ||
| 035 | |a (RuTPU)RU\TPU\network\1127 | ||
| 090 | |a 637055 | ||
| 100 | |a 20140505d2010 k||y0rusy50 ca | ||
| 101 | 0 | |a rus | |
| 102 | |a RU | ||
| 135 | |a drcn ---uucaa | ||
| 181 | 0 | |a i | |
| 182 | 0 | |a b | |
| 200 | 1 | |a Электроимпульсный пробой и разрушение гранита |f В. Ф. Важов [и др.] | |
| 203 | |a Текст |c электронный | ||
| 300 | |a Заглавие с экрана | ||
| 320 | |a [Библиогр.: с. 84 (6 назв.)] | ||
| 330 | |a Проведены исследования разрушения гранита электроимпульсным способом для двухэлектродной системы в диапазоне изменения расстояний между электродами 10-300 mm и энерговклада на единицу длины межэлектродного промежутка 3.6-100 J/mm. Получены эмпирические зависимости для пробивного напряжения, глубины разрушения, производительности разрушения, удельных энергозатрат в функции расстояния между электродами | ||
| 461 | |t Письма в Журнал технической физики |d 1975- | ||
| 463 | |t Т. 80, вып. 6 |v [С. 79-84] |d 2010 | ||
| 610 | 1 | |a электронный ресурс | |
| 610 | 1 | |a труды учёных ТПУ | |
| 610 | 1 | |a электроимпульсный способ | |
| 701 | 1 | |a Важов |b В. Ф. |c специалист в области энергетики |c доцент Томского политехнического университета, кандидат технических наук |f 1939- |g Владислав Фёдорович |3 (RuTPU)RU\TPU\pers\26506 | |
| 701 | 1 | |a Гафаров |b Р. Р. | |
| 701 | 1 | |a Дацкевич |b С. Ю. |c электрофизик |c младший научный сотрудник Томского политехнического университета |f 1981- |g Сергей Юрьевич |3 (RuTPU)RU\TPU\pers\27967 |9 12957 | |
| 701 | 1 | |a Журков |b М. Ю. |c электрофизик |c научный сотрудник Томского политехнического университета |f 1978- |g Михаил Юрьевич |3 (RuTPU)RU\TPU\pers\27968 |9 12958 | |
| 701 | 1 | |a Муратов |b В. М. |c физик |c заведующий лабораторией Томского политехнического университета, кандидат технических наук |f 1945- |g Василий Михайлович |3 (RuTPU)RU\TPU\pers\26507 | |
| 801 | 2 | |a RU |b 63413507 |c 20141207 |g RCR | |
| 856 | 4 | |u http://journals.ioffe.ru/jtf/2010/06/page-79.html.ru | |
| 942 | |c CF | ||